ইসলামের উত্তরাধুনিক দর্শন / (Record no. 103498)
[ view plain ]
| 000 -LEADER | |
|---|---|
| fixed length control field | 00749nam a22001697a 4500 |
| 003 - CONTROL NUMBER IDENTIFIER | |
| control field | BD-ChCU |
| 005 - DATE AND TIME OF LATEST TRANSACTION | |
| control field | 20240103091654.0 |
| 008 - FIXED-LENGTH DATA ELEMENTS--GENERAL INFORMATION | |
| fixed length control field | 240103b bg ||||| |||| 00| 0 ben d |
| 040 ## - CATALOGING SOURCE | |
| Transcribing agency | BD-ChCU |
| 082 ## - DEWEY DECIMAL CLASSIFICATION NUMBER | |
| Edition number | 22 |
| Classification number | ২০০.০১ ফারু ৩২ ই |
| 100 ## - MAIN ENTRY--PERSONAL NAME | |
| Personal name | ফারুক, সৈয়দ বদিউজ্জামান |
| 9 (RLIN) | 3861 |
| 245 ## - TITLE STATEMENT | |
| Title | ইসলামের উত্তরাধুনিক দর্শন / |
| Statement of responsibility, etc. | সৈয়দ বদিউজ্জামান ফারুক |
| 260 ## - PUBLICATION, DISTRIBUTION, ETC. | |
| Place of publication, distribution, etc. | সিলেট : |
| Name of publisher, distributor, etc. | ইঞ্জিনিয়ার আজিজুল বারী, |
| Date of publication, distribution, etc. | c২০১৫ |
| 300 ## - PHYSICAL DESCRIPTION | |
| Extent | ৫৮পৃ. : |
| Dimensions | 22 cm. |
| 650 #0 - SUBJECT ADDED ENTRY--TOPICAL TERM | |
| Topical term or geographic name entry element | ইসলাম দর্শন ইসলাম |
| 9 (RLIN) | 3862 |
| 942 ## - ADDED ENTRY ELEMENTS (KOHA) | |
| Source of classification or shelving scheme | Dewey Decimal Classification |
| Koha item type | Books |
| Suppress in OPAC | No |
| Withdrawn status | Lost status | Source of classification or shelving scheme | Damaged status | Not for loan | Home library | Current library | Date acquired | Source of acquisition | Total Checkouts | Full call number | Barcode | Date last seen | Copy number | Price effective from | Koha item type |
|---|---|---|---|---|---|---|---|---|---|---|---|---|---|---|---|
| Dewey Decimal Classification | Chittagong University Library | Chittagong University Library | 01/03/2024 | ক্রয়কৃত | ২০০.০১ ফারু ৩২ ই | 331166 | 01/03/2024 | ক-১ | 01/03/2024 | Books | |||||
| Dewey Decimal Classification | Chittagong University Library | Chittagong University Library | 01/03/2024 | ক্রয়কৃত | ২০০.০১ ফারু ৩২ ই | 331167 | 01/03/2024 | ক-২ | 01/03/2024 | Books |